Russian Delights (Lp Sxl 6119) (Record n. 103009)

Dettagli MARC
000 -LEADER
fixed length control field 01435njm a2200313Ia 4500
001 - CONTROL NUMBER
control field 23996
003 - CONTROL NUMBER IDENTIFIER
control field IT-RoPAU
005 - DATE AND TIME OF LATEST TRANSACTION
control field 20220918181201.0
008 - FIXED-LENGTH DATA ELEMENTS--GENERAL INFORMATION
fixed length control field 131025s9999 xx 000 0 und d
040 ## - CATALOGING SOURCE
Original cataloging agency IT-RoPAU
040 ## - CATALOGING SOURCE
Transcribing agency IT-RoPAU
999 ## - SYSTEM CONTROL NUMBERS (KOHA)
Koha Dewey Subclass [OBSOLETE] n.d.
100 ## - MAIN ENTRY--PERSONAL NAME
Personal name AA.VV.
9 (RLIN) 794
100 ## - MAIN ENTRY--PERSONAL NAME
Relator term Autore musica
9 (RLIN) 8154
100 ## - MAIN ENTRY--PERSONAL NAME
Miscellaneous information Codice autore musica SPICS: 12000
9 (RLIN) 796
245 ## - TITLE STATEMENT
Title Russian Delights (Lp Sxl 6119)
250 ## - EDITION STATEMENT
Edition statement 1a ed.
260 ## - PUBLICATION, DISTRIBUTION, ETC. (IMPRINT)
Place of publication, distribution, etc. LONDON
260 ## - PUBLICATION, DISTRIBUTION, ETC. (IMPRINT)
Name of publisher, distributor, etc. DECCA RECORD COMPANY
Date of publication, distribution, etc. 1964 [1a Ed.:1964]
300 ## - PHYSICAL DESCRIPTION
Extent DISCO
500 ## - GENERAL NOTE
General note Musica sinfonica. Arrangiamento. Musica classica.
505 ## - FORMATTED CONTENTS NOTE
Formatted contents note Night On the Bare Mountain - Khovanshchina: Prelude; Dance of the Persian Slaves - Russland and Ludmilla: overture - Waltz Fantasy - Jota aragonesa
511 ## - PARTICIPANT OR PERFORMER NOTE
Participant or performer note Orchestre de la Suisse Romande diretta da Ansermet Ernest
650 ## - SUBJECT ADDED ENTRY--TOPICAL TERM
Topical term or geographic name as entry element SINFONICA [DISCHI]
Relator term Codice MATERIA SPICS: 9950
9 (RLIN) 1288
700 ## - ADDED ENTRY--PERSONAL NAME
Personal name Musorgskij Modest
Dates associated with a name Codice autore musica SPICS: 3431
Relator term Autore musica
Name of part/section of a work Night On the Bare Mountain - Khovanshchina: Prelude; Dance of the Persian Slaves
9 (RLIN) 8155
700 ## - ADDED ENTRY--PERSONAL NAME
Personal name Rimskij-Korsakov Nikolai
Dates associated with a name Codice autore SPICS: 10687
Relator term Autore
Name of part/section of a work Night On the Bare Mountain - Khovanshchina: Prelude; Dance of the Persian Slaves
9 (RLIN) 8156
700 ## - ADDED ENTRY--PERSONAL NAME
Personal name Glinka Michail Ivanovic
Dates associated with a name Codice autore musica SPICS: 13793
Relator term Autore musica
Name of part/section of a work Russland and Ludmilla: overture - Waltz Fantasy - Jota aragonesa
9 (RLIN) 8157
942 ## - ADDED ENTRY ELEMENTS (KOHA)
Koha item type DISCHI
Source of classification or shelving scheme Dewey Decimal Classification
Dati di copia
Withdrawn status Lost status Damaged status Not for loan Home library Current library Date acquired Total Checkouts Full call number Date last seen Price effective from Koha item type Public note
    Buone Condizioni Not For Loan SPICS-MEDIATECA SPICS-MEDIATECA 25/10/2013   23996 25/10/2013 25/10/2013 DISCHI Progr. Ins.: 4843 / N.Vol.: 1 / Copie: 1 - Copia rara: n.d. / date import: 01.01.2014 - By Epidotti, Trombetti, Vaglietti
CREDITS: SOCIETA' SAN PAOLO Via A.Severo, 58 - ROMA (RM) & PERIODICI SAN PAOLO SRL Via Giotto, 36 MILANO & CISF Via Giotto, 36 MILANO & EDIZIONI SAN PAOLO SRL,  Piazza Soncino, 5 CINISELLO BALSAMO (MI) -- ITALY